000 01067nam a2200253Ia 4500
001 16853
003 GE_BSU
008 181216s||||||||xx |||||||||||||| ||und||
020 _a9992848144
040 _cGE_BSU
080 _a821.353.1-32
100 _aგოგრაჭაძე, ავთანდილ
245 _aოცნების ქორწილი
245 _bმოთხრობები
245 _cრედ.ზ. ფირცხალაიშვილი
260 _aბათუმი
260 _bალიონი
260 _c2000
300 _a29გვ. ; 18სმ
653 _aმოთხრობები
653 _aოცნების ქორწილი
653 _aოცნების ქორწილი; სავარძელი; სოფელი არ ხუმრობს; სოფლის აღმართი; მიდი და იოცნებე; ტკივილი; ძველი სახლი; ტარზანი; ვისია კაკალი
942 _cBK
999 _c49917
_d49917